=LDR 00000nam 2200000 4500 =001 INLIS000000000010400 =005 20130612102056 =008 ***********************************Ind** =035 ##$$0010-061300000010400 =041 ##$$a Ind =082 ##$$a 910.2 =090 ##$$a 910.2, Pen w =100 ##$$a PENDIT, Nyoman S =245 ##$$a Wisata konvensi, Potensi gede bisnis besar =260 ##$$a 1999 $b Jakarta =300 ##$$a xxvi, 308 hlm, 24 cm =650 ##$$a Pariwisata - Industri - Indonesia =850 ##$$a NBPNMAT =990 ##$$a 0001/BPAP-NTB/20142015 =990 ##$$a 0001/BPAP-NTB/2015